<?xml version="1.0" encoding="UTF-8"?>
<marc:record xmlns:marc="http://www.loc.gov/MARC21/slim">
   <marc:leader>00000nam a2200000 a 4500</marc:leader>
   <marc:datafield ind1="1" ind2=" " tag="100">
      <marc:subfield code="a">Käßmann, Lea</marc:subfield>
      <marc:subfield code="4">aut</marc:subfield>
      <marc:subfield code="e">Verfasser/-in</marc:subfield>
   </marc:datafield>
   <marc:datafield ind1=" " ind2=" " tag="653">
      <marc:subfield code="a">Freundschaft</marc:subfield>
   </marc:datafield>
   <marc:datafield ind1=" " ind2=" " tag="653">
      <marc:subfield code="a">Winter</marc:subfield>
   </marc:datafield>
   <marc:datafield ind1=" " ind2=" " tag="653">
      <marc:subfield code="a">Erntedank</marc:subfield>
   </marc:datafield>
   <marc:datafield ind1=" " ind2=" " tag="653">
      <marc:subfield code="a">Tiere</marc:subfield>
   </marc:datafield>
   <marc:datafield ind1=" " ind2=" " tag="653">
      <marc:subfield code="a">Freunde</marc:subfield>
   </marc:datafield>
   <marc:datafield ind1=" " ind2=" " tag="653">
      <marc:subfield code="a">Danke sagen</marc:subfield>
   </marc:datafield>
   <marc:datafield ind1=" " ind2=" " tag="653">
      <marc:subfield code="a">Abgeben</marc:subfield>
   </marc:datafield>
   <marc:datafield ind1=" " ind2=" " tag="653">
      <marc:subfield code="a">Vorrat</marc:subfield>
   </marc:datafield>
   <marc:datafield ind1=" " ind2=" " tag="653">
      <marc:subfield code="a">gemeinsam</marc:subfield>
   </marc:datafield>
   <marc:datafield ind1=" " ind2=" " tag="653">
      <marc:subfield code="a">Religiöse Bilderbücher</marc:subfield>
   </marc:datafield>
   <marc:datafield ind1=" " ind2=" " tag="653">
      <marc:subfield code="a">Teilen</marc:subfield>
   </marc:datafield>
   <marc:datafield ind1=" " ind2=" " tag="653">
      <marc:subfield code="a">zusammen</marc:subfield>
   </marc:datafield>
   <marc:datafield ind1=" " ind2=" " tag="653">
      <marc:subfield code="a">Waschbär</marc:subfield>
   </marc:datafield>
   <marc:datafield ind1=" " ind2=" " tag="653">
      <marc:subfield code="a">Verschenken</marc:subfield>
   </marc:datafield>
   <marc:datafield ind1=" " ind2=" " tag="653">
      <marc:subfield code="a">Vorräte anlegen</marc:subfield>
   </marc:datafield>
   <marc:datafield ind1=" " ind2=" " tag="653">
      <marc:subfield code="a">Wald</marc:subfield>
   </marc:datafield>
   <marc:datafield ind1=" " ind2=" " tag="653">
      <marc:subfield code="a">Softcover / Kinder- und Jugendbücher/Bilderbücher/</marc:subfield>
   </marc:datafield>
   <marc:datafield ind1=" " ind2=" " tag="653">
      <marc:subfield code="a">Danke</marc:subfield>
   </marc:datafield>
   <marc:datafield ind1="0" ind2="0" tag="245">
      <marc:subfield code="a">Der kleine Waschbär findet neue Freunde  ein Bilderbuch für Kinder ab 2 Jahren</marc:subfield>
   </marc:datafield>
   <marc:datafield ind1="0" ind2="0" tag="245">
      <marc:subfield code="c">Käßmann, Lea</marc:subfield>
   </marc:datafield>
   <marc:datafield ind1=" " ind2="1" tag="264">
      <marc:subfield code="a">München</marc:subfield>
      <marc:subfield code="b">bene!</marc:subfield>
      <marc:subfield code="c">2020</marc:subfield>
   </marc:datafield>
   <marc:datafield ind1=" " ind2=" " tag="250">
      <marc:subfield code="a">1. Auflage</marc:subfield>
   </marc:datafield>
   <marc:datafield ind1="1" ind2=" " tag="520">
      <marc:subfield code="a">Angaben aus der Verlagsmeldung&#xD;
&#xD;
Der kleine Waschbär findet neue Freunde Käßmann, Der kleine Waschbär findet neue Freunde / von Lea Käßmann&#xD;
&#xD;
Wie schön es ist, zu teilen  darum geht es in diesem neuen Abenteuer des kleinen Waschbären. Lea Käßmann erzählt die Geschichte vom kleinen Waschbären, der einer kleinen Maus hilft, sich einen Wintervorrat anzulegen. Zum Vorlesen für Kinder ab 2 Jahren geeignet, um ihnen spielerisch das Teilen und die Hilfsbereitschaft näher zu bringen. Zauberhaft illustriert von Jana Walczyk.&#xD;
&#xD;
Das Herbstlaub raschelt. Überall knabbert und schmatzt es, Vögel zwitschern. Die Waldtiere bereiten sich für den Winter vor und legen sich emsig einen Vorrat an. Denn wenn erst einmal Schnee lag und der Boden gefroren war, würde es nur wenig Nahrung geben. Auch der kleine Waschbär will sich Winterspeck zulegen und geht auf die Suche nach den Köstlichkeiten des Waldes. Da hört er ein trauriges Fiepsen. Was war das? Unter einem Busch entdeckt er die Maus. Der kleine Waschbär fragt sie, was los sei. Die Maus schnieft: »Ich finde einfach nichts zu essen. Die anderen Tiere verjagen mich immer. Dabei riecht alles so lecker und ich würde auch so gern etwas von dem, was sich die anderen holen, probieren. Außerdem muss ich mich doch für den Winter vorbereiten und einen Vorrat anlegen. Bis jetzt habe ich nur diese trockenen Blätter. Dabei ist doch eigentlich genug für alle da, oder?«&#xD;
Der kleine Waschbär nickt verständnisvoll und denkt einen Moment nach. Dann sagt er: »Komm mit, ich helfe dir!« Und die beiden machen sich auf den Weg zu den verborgenen Futterplätzen im Wald ...&#xD;
&#xD;
Der dritte Band der erfolgreichen Kinderbuchreihe mit dem kleinen Waschbär und seinen Freunden.</marc:subfield>
   </marc:datafield>
   <marc:datafield ind1=" " ind2=" " tag="020">
      <marc:subfield code="a">9783963401299</marc:subfield>
      <marc:subfield code="9">9783963401299</marc:subfield>
   </marc:datafield>
   <marc:datafield ind1=" " ind2=" " tag="020">
      <marc:subfield code="a">396340129x</marc:subfield>
      <marc:subfield code="9">396340129x</marc:subfield>
   </marc:datafield>
   <marc:datafield ind1=" " ind2=" " tag="041">
      <marc:subfield code="a">ger</marc:subfield>
   </marc:datafield>
   <marc:datafield ind1=" " ind2=" " tag="338">
      <marc:subfield code="a">Band</marc:subfield>
   </marc:datafield>
   <marc:datafield ind1=" " ind2=" " tag="300">
      <marc:subfield code="a">20 Seiten</marc:subfield>
   </marc:datafield>
</marc:record>
